000 03380nam0a22004931 4500
001 v19\rc\2102838
005 20260408083755.0
035 _a(NLR Aleph) 005281062
090 _a6098758
_c6098758
100 _a20090914d1809 |||y0rusy50 ca
101 0 _arus
102 _aRU
135 _acrcn 024anaba
200 1 _aПеснь российскому слову.
_fСочинил и читал в Императорской Российской академии член оныя князь Сергий Шихматов, по случаю принятия его в члены оной Академии
210 _aВ Санктпетербурге
_cпечатано в Императорской типографии
_d1809
215 _a24 с.
_d
316 _aЭкз. РНБ (18.149.2.195) в сиреневой бумаж. обл. На 1-й с. обл. ярлык с шифром РНБ. На 2-й с. обл. пустой ярлык и ярлык со старым шифром. На тит .л. и с.24 круглый штамп ГПБ. Размер: 21,7х13,3х0,5 см
_5NLR: 18.149.2.195
316 _aЭкз. РНБ (18.393.4.32(4)) в конволюте. Припл. к: Стихотворения девицы Волковой. В Санктпетербурге, 1807
_5NLR: 18.393.4.32(4)
317 _aВ экз. РНБ (18.149.2.195) на 2-й с. обл. дартсв. надпись авт.: "Его высокопревосходительсву господину действительному тайному советнику и кавалеру Гавриилу Романовичу Державину"
_5NLR: 18.149.2.195
317 _aЭкз. РНБ (18.393.4.32(4)) с дарств. надписью Апостолу Александровичу Клендо на форзаце конволюта
_5NLR: 18.393.4.32(4)
325 _aКопия доступна в Электрон. б-ке РНБ
620 _aСанкт-Петербург
700 1 _8rus
_7ca
_aШихматов
_bС. А.
_f1783-1837
_gСергей Александрович
_3RU\NLR\AUTH\7716936
_928
702 _aКлендо
_bА.А.
_gАпостол Александрович
_5NLR: 18.393.4.32(4)
_4390
702 1 _4390
_8rus
_7ca
_aДержавин
_bГ. Р.
_f1743-1816
_gГаврила Романович
_3RU\NLR\AUTH\773473
_9113469
712 0 2 _4610
_aИмператорская типография Вейтбрехта
_cПетербург
_3RU\NLR\AUTH\8810171428
_9838690
790 1 _aШихматов
_bС.
_gСергий
801 0 _aRU
_bNLR
_gpsbo
801 1 _aRU
_bProSoft-M
_2rusmarc
801 2 _aRU
_bNLR
_c20120214
_2rusmarc
852 _aNLR
_j18.149.2.195
852 _aNLR
_j18.393.4.32(4)
942 _cBOOK
980 _aNB
980 3 _akpcivil2021
980 3 _akp2021
980 3 _akp
981 3 3 _a(33) Художественная литература
_b(33) Отечественная литература
981 2 0 _a(20) Книжные памятники РНБ
_b(20) Русский книжный фонд